[Event "POL-chT3 Slaskie"]
[Site "Poland"]
[Date "2008.02.03"]
[Round "1.4"]
[White "Miszczak, Dariusz"]
[Black "Dors, Ryszard"]
[Result "0-1"]
[WhiteElo "2120"]
[BlackElo "2239"]
[PlyCount "76"]
[EventDate "2008.02.03"]
[EventType "team-swiss"]
[EventRounds "9"]
[EventCountry "POL"]
[SourceTitle "EXT 2019"]
[Source "ChessBase"]
[SourceDate "2018.10.10"]
[SourceVersion "1"]
[SourceVersionDate "2018.10.10"]
[SourceQuality "1"]

1. e4 c6 2. d4 d5 3. exd5 cxd5 4. c4 Nf6 5. Nc3 g6 6. c5 Bg7 7. Nf3 Nc6 8. Bb5 0-0 9. h3 Bf5 10. Bxc6 bxc6 11. 0-0 Ne4 12. Ne5 Bxe5 13. dxe5 Nxc5 14. Bh6 Re8 15. g4 Be6 16. Be3 Nd7 17. f4 f5 18. g5 Qc8 19. Rc1 Qb7 20. Na4 Kf7 21. Qc2 Rec8 22. Kf2 Rab8 23. b3 Qb4 24. Qc3 Qe4 25. Nc5 Nxc5 26. Qxc5 Rb5 27. Qd4 c5 28. Qxe4 fxe4 29. Rfd1 d4 30. Bxd4 cxd4 31. Rxc8 Bxc8 32. Rxd4 Bf5 33. b4 a5 34. a3 Ke6 35. h4 Rd5 36. Rc4 Rd2+ 37. Ke1 Rd3 38. bxa5 Rxa3 0-1

[Event "POL-chT3 Liga Slaska"]
[Site "Poland"]
[Date "2007.05.12"]
[Round "8"]
[White "Lukaszek, Stanislaw"]
[Black "Miszczak, Dariusz"]
[Result "0-1"]
[WhiteElo "2088"]
[BlackElo "2107"]
[PlyCount "60"]
[EventDate "2007.01.28"]
[EventType "team-swiss"]
[EventRounds "9"]
[EventCountry "POL"]
[SourceTitle "EXT 2011"]
[Source "ChessBase"]
[SourceDate "2010.11.26"]
[SourceVersion "1"]
[SourceVersionDate "2010.11.26"]
[SourceQuality "1"]
[WhiteTeam "Szombierki TS"]
[BlackTeam "Niedobczyce Rymer"]
[WhiteTeamCountry "POL"]
[BlackTeamCountry "POL"]

1. d4 Nf6 2. c4 e5 3. dxe5 Ng4 4. Bf4 Nc6 5. Nf3 Bb4+ 6. Nbd2 Qe7 7. e3 Ngxe5 8. Be2 Nxf3+ 9. Bxf3 Ne5 10. Be2 d6 11. 0-0 0-0 12. Nb3 b6 13. a3 Bc5 14. Nc1 a5 15. b3 Bb7 16. Nd3 Rfd8 17. b4 Nxd3 18. Bxd3 axb4 19. axb4 Rxa1 20. Qxa1 Bxb4 21. Qb1 Bc3 22. Bxh7+ Kf8 23. Qf5 Bf6 24. Qc2 Ra8 25. h3 g6 26. Bh6+ Bg7 27. Bf4 Ra5 28. g4 Qh4 29. Bxg6 Qxh3 30. Be4 Qxg4+ 0-1

[Event "POL-chT3"]
[Site "Poland"]
[Date "2002.??.??"]
[Round "?"]
[White "Marzec, Jaroslaw"]
[Black "Miszczak, Dariusz"]
[Result "0-1"]
[WhiteElo "2120"]
[BlackElo "2072"]
[PlyCount "52"]
[EventDate "2002.??.??"]
[EventType "team"]
[EventRounds "9"]
[EventCountry "POL"]
[SourceTitle "EXT 2006"]
[Source "ChessBase"]
[SourceDate "2005.11.24"]
[SourceVersion "1"]
[SourceVersionDate "2005.11.24"]
[SourceQuality "1"]

1. f4 d5 2. e3 g6 3. Nf3 Bg7 4. c4 Nf6 5. Nc3 c5 6. cxd5 Nxd5 7. Bc4 e6 8. 0-0 0-0 9. Ne5 a6 10. a4 b6 11. e4 Nxf4 12. Ng4 Nd3 13. Bxd3 Qxd3 14. Rf3 Qd4+ 15. Kh1 f5 16. Nf2 Bb7 17. Qe2 Qd7 18. Rd3 Qc6 19. b3 Nd7 20. Bb2 Nf6 21. Re1 Nxe4 22. Nfxe4 fxe4 23. Rh3 Rf4 24. Rf1 Rxf1+ 25. Qxf1 Rf8 26. Qe2 e3 0-1

[Event "POL-chT Region"]
[Site "Poland"]
[Date "1999.??.??"]
[Round "?"]
[White "Miszczak, Dariusz"]
[Black "Moroz, Henryk"]
[Result "1-0"]
[WhiteElo "2068"]
[BlackElo "2102"]
[PlyCount "84"]
[EventDate "1999.??.??"]
[EventType "team"]
[EventRounds "13"]
[EventCountry "POL"]
[SourceTitle "EXT 2002"]
[Source "ChessBase"]
[SourceDate "2001.11.25"]
[SourceVersion "1"]
[SourceVersionDate "2001.11.25"]
[SourceQuality "1"]

1. e4 c5 2. Nc3 Nc6 3. g3 g6 4. Bg2 Bg7 5. d3 d6 6. f4 e5 7. Nf3 Bg4 8. Be3 Nge7 9. 0-0 Qd7 10. Qd2 0-0 11. fxe5 Nxe5 12. Nxe5 Bxe5 13. Bh6 Rfe8 14. Bg5 Be6 15. Bf6 Bxf6 16. Rxf6 d5 17. Raf1 Kg7 18. exd5 Nxd5 19. Bxd5 Bxd5 20. Nxd5 Qxd5 21. Rxf7+ Qxf7 22. Rxf7+ Kxf7 23. Qf2+ Kg8 24. Qxc5 Re2 25. d4 Rae8 26. Qb5 R8e7 27. Qd3 R7e3 28. Qc4+ Kg7 29. d5 Rd2 30. Kf1 Rf3+ 31. Ke1 Rxh2 32. Qe4 Rh1+ 33. Ke2 Rff1 34. Qe7+ Rf7 35. Qe5+ Kg8 36. c4 b6 37. d6 Rh2+ 38. Ke3 Rh1 39. Qd5 Re1+ 40. Kd2 Re8 41. b4 Kf8 42. c5 bxc5 1-0

[Event "POL-chT2"]
[Site "Augustow"]
[Date "1997.??.??"]
[Round "?"]
[White "Bartoszewicz, Marcin"]
[Black "Miszczak, Dariusz"]
[Result "0-1"]
[WhiteElo "1975"]
[BlackElo "2040"]
[PlyCount "80"]
[EventDate "1997.??.??"]
[EventType "team"]
[EventRounds "9"]
[EventCountry "POL"]
[SourceTitle "EXT 2003"]
[Source "ChessBase"]
[SourceDate "2002.11.25"]
[SourceVersion "1"]
[SourceVersionDate "2002.11.25"]
[SourceQuality "1"]

1. e4 c5 2. Nf3 d6 3. d4 cxd4 4. Nxd4 Nf6 5. Nc3 e5 6. Nf3 h6 7. Be2 Be7 8. h3 0-0 9. Be3 Be6 10. Qd2 Nxe4 11. Nxe4 f5 12. Nc5 dxc5 13. Nxe5 Qxd2+ 14. Bxd2 Bf6 15. Bc3 Nd7 16. Nxd7 Bxc3+ 17. bxc3 Bxd7 18. Bc4+ Kh8 19. 0-0 Bc6 20. Rfe1 Rfe8 21. f3 g5 22. Re6 Kg7 23. Rae1 Rxe6 24. Rxe6 Re8 25. Rxe8 Bxe8 26. Kf2 Kf6 27. Ke3 Ke5 28. Bg8 Ba4 29. Bb3 Bd7 30. Bf7 b5 31. Bg8 h5 32. h4 f4+ 33. Kd2 gxh4 34. Bf7 Be6 35. Be8 a6 36. a4 bxa4 37. Bxa4 h3 38. gxh3 Bxh3 39. Be8 h4 40. Ke2 Kd5 0-1

[Event "POL-chT2"]
[Site "Augustow"]
[Date "1997.??.??"]
[Round "?"]
[White "Miszczak, Dariusz"]
[Black "Kozerski, Zbigniew"]
[Result "1-0"]
[WhiteElo "2040"]
[BlackElo "1940"]
[PlyCount "125"]
[EventDate "1997.??.??"]
[EventType "team"]
[EventRounds "9"]
[EventCountry "POL"]
[SourceTitle "EXT 2003"]
[Source "ChessBase"]
[SourceDate "2002.11.25"]
[SourceVersion "1"]
[SourceVersionDate "2002.11.25"]
[SourceQuality "1"]

1. e4 e5 2. Nf3 Nc6 3. d4 exd4 4. c3 d3 5. Bxd3 Bc5 6. Bc4 d6 7. b4 Bb6 8. a4 a6 9. Qb3 Qe7 10. 0-0 Bg4 11. Nbd2 Nf6 12. a5 Ba7 13. b5 axb5 14. Qxb5 0-0 15. Qxb7 Bd7 16. Qb1 Ne5 17. Nxe5 Qxe5 18. Qc2 Bc6 19. Bd3 Rfe8 20. Nf3 Qh5 21. Ng5 h6 22. Nh3 Nxe4 23. Be3 Bc5 24. a6 Bxe3 25. fxe3 Nc5 26. Bh7+ Kh8 27. Rf5 Qg4 28. Rxf7 Rxe3 29. Raf1 Qxg2+ 30. Qxg2 Bxg2 31. Kxg2 Kxh7 32. Rxc7 Rxa6 33. Rff7 Ra2+ 34. Nf2 Nd3 35. Rxg7+ Kh8 36. Rh7+ Kg8 37. Rcg7+ Kf8 38. Rf7+ Ke8 39. Rf6 Ree2 40. Rhf7 Rac2 41. Rf8+ Ke7 42. R8f7+ Ke8 43. Rf8+ Kd7 44. R8f7+ Kc6 45. Rf8 h5 46. Rf3 Ne1+ 47. Kg3 Nxf3 48. Rxf3 d5 49. h4 Kc5 50. Nd3+ Kc4 51. Nf4 Re5 52. Ng6 Re4 53. Nf4 Rxf4 54. Rxf4+ Kxc3 55. Rf5 d4 56. Rxh5 d3 57. Rd5 Re2 58. h5 Re4 59. Kf3 Re6 60. Kg4 d2 61. Rxd2 Kxd2 62. Kg5 Ke3 63. h6 1-0

[Event "POL-chT2"]
[Site "Augustow"]
[Date "1997.??.??"]
[Round "?"]
[White "Pietraszewski, J."]
[Black "Miszczak, Dariusz"]
[Result "0-1"]
[WhiteElo "1800"]
[BlackElo "2005"]
[PlyCount "60"]
[EventDate "1997.??.??"]
[EventType "team"]
[EventRounds "9"]
[EventCountry "POL"]
[SourceTitle "EXT 2003"]
[Source "ChessBase"]
[SourceDate "2002.11.25"]
[SourceVersion "1"]
[SourceVersionDate "2002.11.25"]
[SourceQuality "1"]

1. e4 c5 2. Nf3 d6 3. d4 Nf6 4. Nc3 cxd4 5. Nxd4 Nc6 6. Bc4 Bd7 7. 0-0 g6 8. h3 Nxd4 9. Qxd4 Bg7 10. Be3 0-0 11. Qd2 Rc8 12. Bd3 a6 13. f4 Bc6 14. Rad1 b5 15. a3 Qc7 16. Rde1 Qb7 17. Bd4 g5 18. Qe2 Rb8 19. Nd1 e5 20. fxe5 Nh5 21. Kh2 dxe5 22. Be3 Bxe4 23. Bxe4 Qxe4 24. Nc3 Qc6 25. Bxg5 h6 26. Bc1 b4 27. axb4 Rxb4 28. Qd2 Rc4 29. Re2 Qc7 30. Nd5 e4+ 0-1

[Event "Augustow op-B"]
[Site "Augustow"]
[Date "1996.??.??"]
[Round "?"]
[White "Grycel, Kamil"]
[Black "Miszczak, Dariusz"]
[Result "0-1"]
[WhiteElo "2000"]
[BlackElo "2040"]
[PlyCount "100"]
[EventDate "1996.??.??"]
[EventType "swiss"]
[EventRounds "9"]
[EventCountry "POL"]
[SourceTitle "EXT 2003"]
[Source "ChessBase"]
[SourceDate "2002.11.25"]
[SourceVersion "1"]
[SourceVersionDate "2002.11.25"]
[SourceQuality "1"]

1. d4 Nf6 2. c4 e6 3. Nc3 Bb4 4. Qc2 d5 5. a3 Bxc3+ 6. Qxc3 h6 7. Nf3 0-0 8. Bf4 dxc4 9. Qxc4 c6 10. Qc2 Nd5 11. Bg3 Qa5+ 12. Qd2 Qxd2+ 13. Nxd2 b6 14. e4 Nf6 15. f3 Bb7 16. Nc4 Rd8 17. Nd6 Ba6 18. Rc1 Bxf1 19. Rxf1 Nh5 20. e5 f6 21. f4 fxe5 22. fxe5 Nxg3 23. hxg3 c5 24. dxc5 bxc5 25. Nb7 Rd5 26. Rxc5 Nd7 27. Rxd5 exd5 28. Nd6 Nxe5 29. Kd2 Rd8 30. Rf5 Rxd6 31. Rxe5 Rg6 32. Re3 Kf7 33. Kd3 Rg4 34. Kd2 a5 35. b3 Kf6 36. Kd3 g6 37. Kd2 d4 38. Rf3+ Ke5 39. Kd3 Kd5 40. Kd2 Rg5 41. Kd3 Re5 42. Kd2 h5 43. Kd3 g5 44. Kd2 g4 45. Rd3 Re8 46. Kd1 Ke4 47. Rd2 Rf8 48. Ke1 d3 49. b4 axb4 50. axb4 Ke3 0-1

[Event "Augustow op-B"]
[Site "Augustow"]
[Date "1996.??.??"]
[Round "?"]
[White "Kaminski, Jacek"]
[Black "Miszczak, Dariusz"]
[Result "0-1"]
[WhiteElo "1800"]
[BlackElo "2040"]
[PlyCount "40"]
[EventDate "1996.??.??"]
[EventType "swiss"]
[EventRounds "9"]
[EventCountry "POL"]
[SourceTitle "EXT 2003"]
[Source "ChessBase"]
[SourceDate "2002.11.25"]
[SourceVersion "1"]
[SourceVersionDate "2002.11.25"]
[SourceQuality "1"]

1. e4 c5 2. Nf3 Nc6 3. d4 cxd4 4. Nxd4 Nf6 5. Nc3 d6 6. Be3 e5 7. Nf3 h6 8. h3 Be6 9. Bd3 d5 10. exd5 Nxd5 11. Bd2 Be7 12. 0-0 0-0 13. Re1 f6 14. Nh4 Bc5 15. Qh5 Nxc3 16. Bxc3 Ne7 17. a3 Qb6 18. Re2 Bf7 19. Qf3 Qc6 20. Qf5 Nxf5 0-1

[Event "Augustow op-B"]
[Site "Augustow"]
[Date "1996.??.??"]
[Round "?"]
[White "Miszczak, Dariusz"]
[Black "Zaskalski, Arkadiusz"]
[Result "0-1"]
[WhiteElo "2040"]
[BlackElo "2170"]
[PlyCount "63"]
[EventDate "1996.??.??"]
[EventType "swiss"]
[EventRounds "9"]
[EventCountry "POL"]
[SourceTitle "EXT 2003"]
[Source "ChessBase"]
[SourceDate "2002.11.25"]
[SourceVersion "1"]
[SourceVersionDate "2002.11.25"]
[SourceQuality "1"]

1. e4 c5 2. Nc3 d6 3. g3 Nc6 4. Bg2 g6 5. d3 Bg7 6. f4 e6 7. Bd2 Nge7 8. Nf3 0-0 9. 0-0 Rb8 10. Rb1 b5 11. a3 a5 12. a4 bxa4 13. Nxa4 Ba6 14. Re1 Qc7 15. e5 Nf5 16. exd6 Qxd6 17. Kh1 h5 18. Ng5 c4 19. Ne4 Qc7 20. Nac5 Qa7 21. Nxa6 Qxa6 22. Bc3 Nfd4 23. Nc5 Qa7 24. Ne4 cxd3 25. cxd3 Nb4 26. Ng5 Rfd8 27. Be4 Qa6 28. Bxb4 Rxb4 29. Rc1 Qb6 30. Rc4 Rxb2 31. Qa4 Ne2 32. Qc6 0-1